Brand Logo Categories - Statistics

General Stats
  • This quiz has been taken 61 times
  • The average score is 9 of 16
Answer Stats
Picture Answer % Correct
Car Brand
74%
Video Game Company
72%
Ice Cream Place
70%
Pizza Place
70%
Sports Gear
67%
Social Media
65%
Soda Brand
63%
Video Sharing
60%
Burger Place
58%
Sandwich Place
53%
Shoe/Clothing Brand
53%
Candy Brand
49%
Search Engine
42%
Video Game
35%
Shipping Company
30%
General Merchandise
16%
No matching quizzes found
Score Distribution
Percent of People with Each Score
Percentile by Number Answered
Your Score History
You have not taken this quiz